| 000 | 01323cam a2200325 a 4500 | ||
|---|---|---|---|
| 999 |
_c129041 _d129041 |
||
| 001 | 1071645 | ||
| 003 | ARRUPE | ||
| 005 | 20190218091046.0 | ||
| 008 | 910930s1992 caua 001 0 eng | ||
| 010 | _a 91036435 | ||
| 020 |
_a0874776279 : _c$25.00 |
||
| 020 |
_a0874776384 (pbk.) : _c$15.95 |
||
| 040 |
_aDLC _cDLC _dDLC |
||
| 050 | 0 | 0 |
_aRC489.D5 _bP74 1992 |
| 082 | 0 | 0 |
_a158/.1 _220 |
| 100 | 1 |
_aProgoff, Ira. _929336 |
|
| 245 | 1 | 0 |
_aAt a journal workshop : _bwriting to access the power of the unconscious and evoke creative ability / _cIra Progoff. |
| 250 | _aRev. ed. | ||
| 260 |
_aNew York : _bG.P. Putnam's Sons, _cc1992. |
||
| 300 |
_ax, 422 p. : _bill. ; _c23 cm. |
||
| 440 | 0 |
_aInner workbook _944692 |
|
| 500 | _a"Originally published by Dialogue House as two separate volumes, At a Journal Workshop (1977) and The Practice of Process Meditation (1980)"--T.p. verso. | ||
| 500 | _aIncludes index. | ||
| 650 | 0 |
_aDiaries _xTherapeutic use. _944693 |
|
| 650 | 0 |
_aCreative writing. _944694 |
|
| 650 | 0 |
_aPsychotherapy. _944695 |
|
| 700 | 1 | 2 |
_aProgoff, Ira. _tPractice of process meditation. _f1992. _944696 |
| 906 |
_a7 _bcbc _corignew _d1 _eocip _f19 _gy-gencatlg |
||
| 942 |
_2lcc _cMONOGRAPH |
||